000 00584nam a2200229Ia 4500
003 OSt
005 20221005124235.0
006 a|||||r|||| 00| 0
007 ta
008 221004b |||||||| |||| 00| 0 eng d
024 _a59798
037 _cTextual
040 _aCRL
_cCRL
_beng
041 _2eng
_aeng
082 _aV2:2501:N3, E9
100 _aNair Sanskaran
_9634907
245 0 _aMinutes of dissent with Champaran and Kaira
260 _c1919
650 _aHISTORY
942 _hV2:2501:N3, E9
_cTEXL
_2cc
999 _c1049857
_d1049857